Chutes and Ladders IV Quiz Stats

Quiz Updated Jul 10, 2012

Challenge
Share
Tweet
Embed
Score 0/105 Timer 05:00
0 Plays Today
% Correct
█████████████████
99.9%
↑ Eligible for Mensa ↑
99.9%
◊ START ◊
99.9%
→ Fruit-filled pastries →
99.9%
█████████████████
87%
█████████████████
87%
█████████████████
83.8%
█████████████████
83.7%
TARTS
83.7%
↑ Witch's blemishes ↑
83.7%
█████████████████
83.5%
█████████████████
82.5%
→ A tube for drinking →
82.3%
WARTS
82.3%
↑ Travels in time ↑
82.3%
█████████████████
78.8%
█████████████████
78.8%
↓ Scatter around ↓
77.7%
STRAW
77.7%
↑ Purse handle ↑
77.7%
█████████████████
77.3%
█████████████████
77.1%
SMART
76%
█████████████████
75.9%
█████████████████
75.7%
STRAP
75.3%
↑ A leftover bit ↑
75.3%
█████████████████
72.9%
█████████████████
71.3%
SCRAP
71%
↑ 'Get outta here!' ↑
71%
← Casino dice game ←
71%
█████████████████
70.4%
CRAPS
70.2%
↑ Stuffs a container full ↑
70.2%
% Correct
█████████████████
69.9%
SCRAM!
69.7%
WARPS
69.4%
← Prepares a gift box ←
69.4%
↑ They ensnare you ↑
68.8%
WRAPS
68.8%
█████████████████
68.6%
█████████████████
68.4%
→ 'Hit the road!' →
68.2%
CRAMS
68.3%
↑ Stiff aching muscle ↑
68.3%
← Jacobs and Antony ←
68.3%
█████████████████
68.2%
█████████████████
68%
█████████████████
68%
█████████████████
67.4%
CRAMP
67.4%
TRAPS
64.9%
↑ '61 homer king Roger ↑
61.8%
MARCS
61.8%
STREW
56%
█████████████████
54.2%
█████████████████
54.1%
↑ Luigi's brother ↑
54%
MARIS
54%
↑ Thomas of ''That Girl'' ↑
53.9%
MARIO
53.9%
█████████████████
48.6%
█████████████████
48.5%
↑ Monte ____ ↑
48.3%
MARLO
48.3%
→ Lesson from Aesop →
48.3%
↑ Pop's ___ Rae Jepsen ↑
48.1%
CARLO
48.1%
█████████████████
48.1%
% Correct
→ Christmastime tune →
48.1%
█████████████████
48%
█████████████████
47.9%
█████████████████
47.8%
█████████████████
47.7%
CAROL
47.1%
█████████████████
45.1%
█████████████████
45%
█████████████████
44.9%
█████████████████
44.9%
↓ Type of eel ↓
44.7%
MORAL
44.7%
█████████████████
43.4%
CARLY
43.4%
→ City leader →
41.8%
MORAY
41.8%
↓ Captain's superior ↓
41.5%
MAYOR
41.5%
↑ 'Gravity' singer John ↑
41.5%
MAYER
40%
↑ Wedding cake tier ↑
40%
█████████████████
39.7%
LAYER
39.6%
↑ At a future time ↑
39.6%
█████████████████
39.5%
LATER
39.5%
← Make a change to ←
39.5%
MAJOR
37.6%
ALTER
35.6%
↑ A fall flower ↑
35.6%
→ Electric dart gun →
29.2%
ASTER
29.2%
clue ends the game! →
29.2%
███ Answering this last
29.2%
◊ TASER ◊
26.3%

You're not logged in!

Compare scores with friends on all Sporcle quizzes.
Sign Up with Email
OR
Log In

You Might Also Like...

Show Comments

Extras

Top Quizzes Today


Score Distribution

Your Account Isn't Verified!

In order to create a playlist on Sporcle, you need to verify the email address you used during registration. Go to your Sporcle Settings to finish the process.